000 00689nam a2200229 i 4500
001 bg
245 0 0 _aZarys mikologii lekarskiej /
_cpod red. Eugeniusza Barana ; [aut. E. Baran et al.].
260 _aWrocław :
_b"Volumed",
_ccop. 1998.
300 _aXIV, [1], 648 s. :
_bfot. (w tym kolor.), rys., 2 wykr. ;
_c24 cm.
504 _aBibliogr. przy rozdz. - Indeksy.
650 9 _aGrzybica
650 9 _aGrzyby chorobotwórcze
655 _aPodręczniki
700 1 _aBARAN, Eugeniusz.
_eRed.
020 _a8385564179
040 _cBPK
041 0 _apl
080 _a616.99+616.5-002](07)
920 _a83-85564-17-9
942 _cKS
008 s pl f |000 0 pol
999 _c33739
_d33739
856 _uhttp://koha.tu.koszalin.pl/cgi-bin/koha/opac-detail.pl?biblionumber=33739
_yKatalog online BPK